02289nam a2200337 i 4500001001000000003001000010005001700020007000300037008004100040020001500081040004700096041001300143082002100156100004900177240002100226245004700247264004000294264001100334300002800345336002700373337003300400338002800433505016100461520112800622563001401750650002301764942000701787945000901794952013101803999001701934768714001CO-MdFUSB20210415122949.0ta200624t1975 us |||| |||| 00| 0 spa d a0881132802 aCO-MdFUSBbspacCO-MdFUSBdCO-MdFUSBCerda aspaheng 223a248.4bAL425 aAllen, Charles Livingstoned1913-2005eautor aGod's phychiatry 3aLa siquiatria de Dios c/ Charles L. Allen 1aEstados Unidos : bBetania,c[1975] 4c©1975 c172 páginas ; a18 cm 2rdacontentatextobtxt 2rdamediaasin mediaciónbn 2rdacarrieravolumenbnc aCómo pensar acerca de Dios: El Salmo 23. -- Los preceptos de Dios para la vida: Los diez mandamientos. -- Cómo hablar con Dios. -- Las llaves del reino. aFormulas seguras para conseguir y mantener la salud mental y espiritual. Un libro de remedios eficaces comprobados para la enfermedades del alma y del espíritu. Así como una prescripción puede ser prepara en las farmacias, también estas "recetas" pueden ser llevadas a la farmacia divina , que siempre está abierta para nosotros. Dios, que es "médico" e igualmente, "farmacólogo", nos invita a ir a El; la consulta es gratis. El tratamiento, por lo general, es muy semejante a lo que muchas psiquíatras recomiendan hoy en día: un retorno a la fe. Las recetas para los problemas específicos vienen a nosotros a través de una lectura cuidadosa, hecha con meditación y en un espíritu de oración sobre los siguientes pasajes: Salmo 23. Los Diez Mandamientos, El Padrenuestro y Las Bienaventuranzas. ¿Le parece demasiado sencillo? Así es - tan fácil como tomar un antibiótico para la gripe o una aspirina para el dolor de cabeza. Es un libro de lectura ampliamente compensadora, que ayudará al lector a comprender mejor sus experiencias cristianas y vivir una vida más saludable y feliz.  aRústico 0919aVida cristiana cBK aDani 00102ddc40708GENaFUSBCbFUSBCd2020-06-24l0oG 248.4 AL425sp9177r2020-06-24 00:00:00tEj.1w2020-06-24yBKk4IINV2023 c66280d66280